| 000 | 00604nam a2200241Ia 4500 | ||
|---|---|---|---|
| 003 | OSt | ||
| 005 | 20221007101355.0 | ||
| 006 | a|||||r|||| 00| 0 | ||
| 007 | ta | ||
| 008 | 221006b |||||||| |||| 00| 0 eng d | ||
| 024 | _a6,341 | ||
| 037 | _cTextual | ||
| 040 |
_aLCO _cLCO _beng |
||
| 041 |
_2eng _aeng |
||
| 082 | _aV2:5:(Z), L2 | ||
| 100 |
_aKAGZI M C J _9454805 |
||
| 245 | 0 | _aThe kesav Ananda's Case. | |
| 260 |
_aDelhi _bMetropolitan _c1972 |
||
| 300 | _a344 | ||
| 650 |
_aCASE _9702910 |
||
| 942 |
_hV2:5:(Z), L2 _cTEXL |
||
| 999 |
_c1175904 _d1175904 |
||